[Event "Oberliga Ost A"]
[Site "?"]
[Date "2022.11.27"]
[Round "5.2"]
[White "Hassemeier, Mika"]
[Black "Zawadzka, Jolanta"]
[Result "0-1"]
[WhiteElo "2072"]
[BlackElo "2379"]
[PlyCount "62"]
[EventDate "2022.09.18"]
[EventType "team-tourn"]
[EventCountry "GER"]
[WhiteTeam "Plauen SK Koenig"]
[BlackTeam "Hoyerswerde FVS ASP"]
[WhiteTeamCountry "GER"]
[BlackTeamCountry "GER"]

1. d4 d5 2. c4 e6 3. Nc3 c6 4. e4 Bb4 5. cxd5 exd5 6. e5 Be6 7. a3 Be7 8. Bd3 Nd7 9. f4 Nh6 10. Nge2 f5 11. O-O O-O 12. Kh1 b5 13. Be3 Kh8 14. Rc1 Nb6 15. Bg1 Nc4 16. Qc2 a5 17. a4 b4 18. Nd1 b3 19. Qxb3 Nd2 20. Qc2 Nxf1 21. Ndc3 Nxh2 22. Bxh2 Ng4 23. Nd1 Qe8 24. Bg3 Rc8 25. Qd2 Bb4 26. Ndc3 Bd7 27. Qd1 c5 28. Bb5 Bxb5 29. Nxb5 Rc6 30. Nd6 Qh5+ 31. Kg1 c4 0-1

[Event "Oberliga Ost A"]
[Site "?"]
[Date "2022.11.27"]
[Round "5.3"]
[White "Burian, Simon"]
[Black "Spivak, Ilya"]
[Result "1/2-1/2"]
[WhiteElo "2167"]
[BlackElo "2306"]
[PlyCount "28"]
[EventDate "2022.09.18"]
[EventType "team-tourn"]
[EventCountry "GER"]
[WhiteTeam "Hoyerswerde FVS ASP"]
[BlackTeam "Plauen SK Koenig"]
[WhiteTeamCountry "GER"]
[BlackTeamCountry "GER"]

1. e4 c5 2. Nf3 e6 3. d4 cxd4 4. Nxd4 Nf6 5. Nc3 Nc6 6. Ndb5 d6 7. Bf4 e5 8. Bg5 a6 9. Na3 b5 10. Bxf6 gxf6 11. Nd5 f5 12. Bd3 Be6 13. c3 Bg7 14. Nxb5 axb5 1/2-1/2

[Event "Oberliga Ost A"]
[Site "?"]
[Date "2022.11.27"]
[Round "5.4"]
[White "Boehm, Robert"]
[Black "Zaehringer, Daniel"]
[Result "1/2-1/2"]
[WhiteElo "2127"]
[BlackElo "2169"]
[PlyCount "32"]
[EventDate "2022.09.18"]
[EventType "team-tourn"]
[EventCountry "GER"]
[WhiteTeam "Plauen SK Koenig"]
[BlackTeam "Hoyerswerde FVS ASP"]
[WhiteTeamCountry "GER"]
[BlackTeamCountry "GER"]

1. d4 d5 2. Nf3 Nf6 3. c4 e6 4. g3 Be7 5. Bg2 O-O 6. O-O dxc4 7. Ne5 Nc6 8. Bxc6 bxc6 9. Nxc6 Qe8 10. Nxe7+ Qxe7 11. Qa4 e5 12. dxe5 Qxe5 13. Nc3 Be6 14. Bf4 Qc5 15. Rfd1 h6 16. Rd2 Rfe8 1/2-1/2

[Event "Oberliga Ost A"]
[Site "?"]
[Date "2022.11.27"]
[Round "5.5"]
[White "Kunze, Carlo"]
[Black "Jahnel, Guenther"]
[Result "1/2-1/2"]
[WhiteElo "2291"]
[BlackElo "2198"]
[PlyCount "84"]
[EventDate "2022.09.18"]
[EventType "team-tourn"]
[EventCountry "GER"]
[WhiteTeam "Hoyerswerde FVS ASP"]
[BlackTeam "Plauen SK Koenig"]
[WhiteTeamCountry "GER"]
[BlackTeamCountry "GER"]

1. d4 Nf6 2. c4 c5 3. d5 b5 4. cxb5 a6 5. bxa6 Bxa6 6. Nc3 d6 7. e4 Bxf1 8. Kxf1 g6 9. g4 Bg7 10. g5 Nfd7 11. h4 Na6 12. h5 Qc8 13. Kg2 c4 14. Be3 Nb4 15. Nge2 Ne5 16. h6 Bf8 17. Nd4 Nbd3 18. Rb1 Ng4 19. Qe2 e5 20. Nc6 Nxe3+ 21. fxe3 Be7 22. Nxe7 Kxe7 23. Qf3 f5 24. gxf6+ Kf7 25. Rhf1 Rd8 26. Ne2 Rxa2 27. Kg3 Rxb2 28. Rxb2 Nxb2 29. Ra1 Rd7 30. Qg4 Rc7 31. Qxc8 Rxc8 32. Ra7+ Kxf6 33. Rxh7 Kg5 34. Rb7 Nd1 35. h7 c3 36. Rc7 Rh8 37. Nxc3 Nxc3 38. Rxc3 Rxh7 39. Rc8 Ra7 40. Rc6 Rd7 41. Rc8 Ra7 42. Rc6 Rd7 1/2-1/2

[Event "Oberliga Ost A"]
[Site "?"]
[Date "2022.11.27"]
[Round "5.6"]
[White "Graf, Roland"]
[Black "Hoerr, Matthias"]
[Result "1-0"]
[WhiteElo "2107"]
[BlackElo "2086"]
[PlyCount "65"]
[EventDate "2022.09.18"]
[EventType "team-tourn"]
[EventCountry "GER"]
[WhiteTeam "Plauen SK Koenig"]
[BlackTeam "Hoyerswerde FVS ASP"]
[WhiteTeamCountry "GER"]
[BlackTeamCountry "GER"]

1. e4 c5 2. c3 Nf6 3. e5 Nd5 4. Bc4 e6 5. Nf3 d6 6. d4 cxd4 7. cxd4 Be7 8. O-O O-O 9. Bxd5 exd5 10. Nc3 Be6 11. Qb3 Qd7 12. Bf4 Nc6 13. exd6 Bxd6 14. Bxd6 Qxd6 15. Qxb7 Rab8 16. Qa6 Bg4 17. Ne5 Rb6 18. Qa4 Nxe5 19. dxe5 Qe6 20. Qd4 Rxb2 21. Nxd5 Rfb8 22. Ne3 Bh5 23. Qxa7 h6 24. a4 R8b4 25. a5 Qxe5 26. Qa8+ Rb8 27. Qd5 Qxd5 28. Nxd5 Bg6 29. a6 Bd3 30. a7 Ra8 31. Nc7 Bxf1 32. Nxa8 Ba6 33. Nc7 1-0

[Event "Oberliga Ost A"]
[Site "?"]
[Date "2022.11.27"]
[Round "5.7"]
[White "Kuraszkiewicz, Michael"]
[Black "Kregelin, Jan"]
[Result "1/2-1/2"]
[WhiteElo "2266"]
[BlackElo "2118"]
[PlyCount "44"]
[EventDate "2022.09.18"]
[EventType "team-tourn"]
[EventCountry "GER"]
[WhiteTeam "Hoyerswerde FVS ASP"]
[BlackTeam "Plauen SK Koenig"]
[WhiteTeamCountry "GER"]
[BlackTeamCountry "GER"]

1. d4 d5 2. Bf4 Nf6 3. e3 c5 4. c3 Nc6 5. Nf3 e6 6. Nbd2 Bd6 7. Bg3 O-O 8. Bd3 b6 9. Qe2 Bb7 10. dxc5 Bxc5 11. Rd1 Ne7 12. e4 Ng6 13. b4 Be7 14. Nd4 dxe4 15. Nxe4 Nd5 16. Bb5 a6 17. Bc6 Qc8 18. Bxb7 Qxb7 19. O-O Rfd8 20. a4 Nf6 21. Ng5 Nf8 22. Ngf3 Rac8 1/2-1/2

[Event "Oberliga Ost A"]
[Site "?"]
[Date "2022.11.27"]
[Round "5.8"]
[White "Heyme, Sibylle"]
[Black "Pfretzschner, Roland"]
[Result "1/2-1/2"]
[WhiteElo "1963"]
[BlackElo "2157"]
[PlyCount "56"]
[EventDate "2022.09.18"]
[EventType "team-tourn"]
[EventCountry "GER"]
[WhiteTeam "Plauen SK Koenig"]
[BlackTeam "Hoyerswerde FVS ASP"]
[WhiteTeamCountry "GER"]
[BlackTeamCountry "GER"]

1. e4 c6 2. d4 d5 3. Nc3 dxe4 4. Nxe4 Bf5 5. Ng3 Bg6 6. h4 h6 7. h5 Bh7 8. Nf3 Nd7 9. Bd3 Bxd3 10. Qxd3 e6 11. Bd2 Ngf6 12. O-O-O Be7 13. Kb1 O-O 14. Ne4 Nxe4 15. Qxe4 Nf6 16. Qe2 Qd5 17. Ne5 Qe4 18. Qxe4 Nxe4 19. Be3 Rfd8 20. g4 c5 21. dxc5 Bxc5 22. Bxc5 Nxc5 23. f3 Kf8 24. Kc1 Ke7 25. Rxd8 Rxd8 26. Rd1 Rxd1+ 27. Kxd1 Kf6 28. Nc4 Ke7 1/2-1/2

[Event "Oberliga Ost A"]
[Site "?"]
[Date "2022.11.27"]
[Round "5.1"]
[White "Klimakovs, Sergejs"]
[Black "Pietzsch, Manuel"]
[Result "1-0"]
[WhiteElo "2336"]
[BlackElo "2105"]
[PlyCount "55"]
[EventDate "2022.09.18"]
[EventType "team-tourn"]
[EventCountry "GER"]
[WhiteTeam "Hoyerswerde FVS ASP"]
[BlackTeam "Plauen SK Koenig"]
[WhiteTeamCountry "GER"]
[BlackTeamCountry "GER"]

1. c4 e5 2. Nc3 Nc6 3. Nf3 f5 4. d4 e4 5. d5 exf3 6. dxc6 Bb4 7. cxb7 Bxb7 8. exf3 Qf6 9. a3 Bxc3+ 10. bxc3 Qxc3+ 11. Bd2 Qe5+ 12. Qe2 Qxe2+ 13. Bxe2 Nf6 14. Bd3 Ba6 15. Bf4 O-O 16. O-O-O d6 17. Rhe1 Nd7 18. Re7 Rf7 19. Rxf7 Kxf7 20. Bxf5 Nc5 21. Be3 Nb3+ 22. Kc2 Bxc4 23. Be4 Rb8 24. Bxa7 Rb5 25. Be3 d5 26. a4 Ra5 27. Kc3 c6 28. Bc2 1-0

[Event "Oberliga Ost A"]
[Site "?"]
[Date "2022.11.27"]
[Round "5.3"]
[White "Tolmacevs, Artjoms"]
[Black "Schiffer, Stefan"]
[Result "0-1"]
[WhiteElo "1976"]
[BlackElo "2239"]
[PlyCount "98"]
[EventDate "2022.09.18"]
[EventType "team-tourn"]
[EventCountry "GER"]
[WhiteTeam "Leipzig SG II"]
[BlackTeam "Magdeburg USC"]
[WhiteTeamCountry "GER"]
[BlackTeamCountry "GER"]

1. e4 e6 2. d4 d5 3. Nc3 Nf6 4. e5 Nfd7 5. f4 c5 6. Nf3 Nc6 7. Be3 Be7 8. Qd2 O-O 9. Be2 a6 10. O-O b5 11. Kh1 Bb7 12. Bg1 Rc8 13. Nd1 cxd4 14. Nxd4 Nxd4 15. Bxd4 f6 16. c3 Nc5 17. Nf2 f5 18. b4 Na4 19. Bd1 Nb6 20. Nd3 a5 21. Nc5 Bxc5 22. Bxc5 Rf7 23. a3 a4 24. Be2 Nc4 25. Bxc4 dxc4 26. Qxd8+ Rxd8 27. Rad1 Rd3 28. Bd4 Be4 29. Kg1 h6 30. Kf2 g5 31. Rxd3 cxd3 32. Be3 g4 33. h4 g3+ 34. Kg1 Rg7 35. Rd1 Rg4 36. h5 Rh4 37. Rd2 Rxh5 38. Bc5 Rh4 39. Be3 Kf7 40. Rb2 Rh2 41. Bc1 Ke7 42. Be3 Kd7 43. Bc1 Kc6 44. Be3 Kd5 45. Kf1 Kc4 46. Bg1 Kxc3 47. Rb1 Bxg2+ 48. Ke1 d2+ 49. Kd1 Bf3# 0-1

[Event "Oberliga Ost A"]
[Site "?"]
[Date "2022.11.27"]
[Round "5.4"]
[White "Roemling, Sven"]
[Black "Haubold, Sebastian Marcel"]
[Result "1-0"]
[WhiteElo "2234"]
[BlackElo "2038"]
[PlyCount "101"]
[EventDate "2022.09.18"]
[EventType "team-tourn"]
[EventCountry "GER"]
[WhiteTeam "Magdeburg USC"]
[BlackTeam "Leipzig SG II"]
[WhiteTeamCountry "GER"]
[BlackTeamCountry "GER"]

1. Nf3 Nf6 2. c4 g6 3. g3 Bg7 4. Bg2 O-O 5. O-O d6 6. Nc3 Nbd7 7. d3 e5 8. Bg5 h6 9. Bd2 c6 10. Rc1 Ne8 11. e4 Nc5 12. Be3 Ne6 13. d4 Qf6 14. Ne2 g5 15. Qd2 g4 16. dxe5 dxe5 17. Nh4 Nd4 18. Bxd4 exd4 19. Nf4 Qg5 20. Rfd1 Bf6 21. Rc2 c5 22. Re1 Rb8 23. Qa5 a6 24. Qb6 Ng7 25. Nd5 Ne6 26. f4 gxf3 27. Nxf3 Qg7 28. Rf2 Ra8 29. Ref1 Bd8 30. Qd6 a5 31. Ne7+ Bxe7 32. Qxe7 f6 33. Qxg7+ Nxg7 34. Ne1 Ra6 35. Nd3 Ne8 36. e5 b6 37. exf6 Be6 38. b3 a4 39. Nf4 Bf7 40. Nd5 axb3 41. axb3 Nd6 42. Rf4 Rb8 43. Ne7+ Kh7 44. Rg4 h5 45. Rg7+ Kh6 46. Be4 Rh8 47. Bg6 Be6 48. Re1 Bd7 49. Bc2 Ra2 50. Re5 Bg4 51. Rh7+ 1-0

[Event "Oberliga Ost A"]
[Site "?"]
[Date "2022.11.27"]
[Round "5.5"]
[White "Haubold, Christian Lucas"]
[Black "Schunk, Thomas"]
[Result "0-1"]
[WhiteElo "1931"]
[BlackElo "2162"]
[PlyCount "88"]
[EventDate "2022.09.18"]
[EventType "team-tourn"]
[EventCountry "GER"]
[WhiteTeam "Leipzig SG II"]
[BlackTeam "Magdeburg USC"]
[WhiteTeamCountry "GER"]
[BlackTeamCountry "GER"]

1. e4 g6 2. d4 Bg7 3. Nf3 d6 4. Bd3 Nd7 5. Be3 Ngf6 6. h3 O-O 7. Qe2 e5 8. dxe5 dxe5 9. g4 Qe7 10. Nbd2 a6 11. c3 c5 12. a4 b6 13. Nh2 Bb7 14. f3 Rfd8 15. Kf2 Nf8 16. Rhd1 Ne6 17. Nc4 Nd7 18. Kg2 Nf4+ 19. Bxf4 exf4 20. Bc2 Rab8 21. Rd2 b5 22. axb5 axb5 23. Nd6 Bc6 24. Ra7 Qe6 25. Qd1 Bf8 26. e5 Nxe5 27. Ne4 Rxd2+ 28. Qxd2 b4 29. cxb4 Rxb4 30. b3 Nxf3 31. Nxf3 Bxe4 32. Bxe4 Qxe4 33. Qb2 Rd4 34. Kf2 Qe3+ 35. Kg2 Rd3 36. Qf2 Rxb3 37. Ra4 Be7 38. Rc4 Qe6 39. Rxf4 Re3 40. Ng1 Ra3 41. Qf1 Qd7 42. Nf3 Bg5 43. Rc4 Ra2+ 44. Kh1 Be3 0-1

[Event "Oberliga Ost A"]
[Site "?"]
[Date "2022.11.27"]
[Round "5.6"]
[White "Limpert, Michael"]
[Black "Bundrock, Thomas"]
[Result "1/2-1/2"]
[WhiteElo "2109"]
[BlackElo "2180"]
[PlyCount "40"]
[EventDate "2022.09.18"]
[EventType "team-tourn"]
[EventCountry "GER"]
[WhiteTeam "Magdeburg USC"]
[BlackTeam "Leipzig SG II"]
[WhiteTeamCountry "GER"]
[BlackTeamCountry "GER"]

1. e4 d5 2. exd5 Nf6 3. d4 Nxd5 4. Nf3 g6 5. Be2 Bg7 6. O-O O-O 7. Nbd2 Nc6 8. Nc4 Nb6 9. c3 Nxc4 10. Bxc4 Bg4 11. Be2 Qd6 12. h3 Bxf3 13. Bxf3 Rab8 14. Be3 a6 15. Qc2 e5 16. Rfd1 exd4 17. Bxc6 Qxc6 18. Bxd4 Rbd8 19. Bxg7 Kxg7 20. Rd2 Rxd2 1/2-1/2

[Event "Oberliga Ost A"]
[Site "?"]
[Date "2022.11.27"]
[Round "5.7"]
[White "Hanisch, Klaus"]
[Black "Greger, Ubald"]
[Result "1/2-1/2"]
[WhiteElo "2066"]
[BlackElo "2125"]
[PlyCount "111"]
[EventDate "2022.09.18"]
[EventType "team-tourn"]
[EventCountry "GER"]
[WhiteTeam "Leipzig SG II"]
[BlackTeam "Magdeburg USC"]
[WhiteTeamCountry "GER"]
[BlackTeamCountry "GER"]

1. c4 d6 2. g3 e5 3. Bg2 f5 4. Nc3 Nf6 5. e3 c6 6. Nge2 Be6 7. d3 Be7 8. O-O O-O 9. f4 Bf7 10. b3 Na6 11. h3 Rb8 12. e4 fxe4 13. dxe4 exf4 14. Nxf4 Nd7 15. Be3 Nac5 16. Rc1 a5 17. Rc2 Qc7 18. Rd2 Rbd8 19. Bd4 Ne6 20. Nxe6 Bxe6 21. Kh2 Rxf1 22. Qxf1 Rf8 23. Rf2 Rxf2 24. Qxf2 Bf6 25. Bxf6 Nxf6 26. Qf4 Nd7 27. Ne2 Ne5 28. Nd4 Bc8 29. Nf5 g6 30. Ne3 Qe7 31. Nc2 Kg7 32. Nd4 Qf6 33. Kg1 Nd3 34. Qe3 Nc5 35. Nc2 Qe5 36. Kf2 Qb2 37. Qd4+ Qxd4+ 38. Nxd4 Kf6 39. Ke3 Bd7 40. Bf1 g5 41. a3 Na6 42. Nc2 c5 43. Ne1 a4 44. bxa4 Bxa4 45. Bd3 h6 46. Be2 Nb8 47. Bg4 b6 48. Bc8 Bb3 49. Kd3 Nc6 50. Nf3 Ne5+ 51. Nxe5 Kxe5 52. Bb7 Ba4 53. Ke3 Bd7 54. h4 b5 55. cxb5 Bxb5 56. Bd5 1/2-1/2

[Event "Oberliga Ost A"]
[Site "?"]
[Date "2022.11.27"]
[Round "5.8"]
[White "Neuhoff, Laertes"]
[Black "Reichert, Thomas"]
[Result "1/2-1/2"]
[WhiteElo "1914"]
[BlackElo "1908"]
[PlyCount "76"]
[EventDate "2022.09.18"]
[EventType "team-tourn"]
[EventCountry "GER"]
[WhiteTeam "Magdeburg USC"]
[BlackTeam "Leipzig SG II"]
[WhiteTeamCountry "GER"]
[BlackTeamCountry "GER"]

1. e4 Nf6 2. e5 Nd5 3. c4 Nb6 4. d4 d6 5. exd6 exd6 6. Bd3 Be7 7. h3 Nc6 8. Nf3 O-O 9. O-O Nb4 10. Nc3 Nxd3 11. Qxd3 Bf6 12. Bf4 g6 13. b3 Bf5 14. Qd2 h5 15. Rad1 Qd7 16. c5 dxc5 17. dxc5 Qxd2 18. Bxd2 Nd7 19. Nd5 c6 20. Nxf6+ Nxf6 21. Bg5 Nd5 22. Nd4 Bd7 23. Nb5 cxb5 24. Rxd5 Bc6 25. Rd6 Rfe8 26. Rfd1 Re2 27. Bf6 Rae8 28. Rd8 R2e6 29. Rxe8+ Bxe8 30. Rd8 Kf8 31. Bg5 f6 32. Be3 Ke7 33. Rb8 Bc6 34. Rg8 Kf7 35. Rd8 Re8 36. Rd4 Re7 37. Kf1 Rd7 38. Rxd7+ Bxd7 1/2-1/2

[Event "Oberliga Ost A"]
[Site "?"]
[Date "2022.11.27"]
[Round "5.1"]
[White "Heyder, Florian"]
[Black "Stein, Robert"]
[Result "0-1"]
[WhiteElo "2199"]
[BlackElo "2401"]
[PlyCount "66"]
[EventDate "2022.09.18"]
[EventType "team-tourn"]
[EventCountry "GER"]
[WhiteTeam "Leipzig SG II"]
[BlackTeam "Magdeburg USC"]
[WhiteTeamCountry "GER"]
[BlackTeamCountry "GER"]

1. e4 e5 2. Nf3 Nc6 3. Bc4 Bc5 4. O-O d6 5. c3 Nf6 6. d3 a5 7. Re1 O-O 8. Bg5 h6 9. Be3 Bxe3 10. Rxe3 Ne7 11. Nbd2 Ng6 12. a4 c6 13. Qc2 Nh7 14. d4 Ng5 15. dxe5 dxe5 16. Nxg5 hxg5 17. Nf1 Nf4 18. Rd1 Qf6 19. Ree1 g6 20. Rd2 Kg7 21. Red1 Rh8 22. Rd6 Qe7 23. R6d2 Bg4 24. Re1 Rh7 25. Re3 Rah8 26. Rg3 Bc8 27. Qb3 g4 28. Qb6 Rxh2 29. Nxh2 Qh4 30. Rh3 Nxh3+ 31. gxh3 Qxh3 32. Qxa5 Qxh2+ 33. Kf1 Qf4 0-1

[Event "Oberliga Ost A"]
[Site "?"]
[Date "2022.11.27"]
[Round "5.2"]
[White "Post, Hugo"]
[Black "Hellwig, Tobias"]
[Result "1-0"]
[WhiteElo "2170"]
[BlackElo "2209"]
[PlyCount "67"]
[EventDate "2022.09.18"]
[EventType "team-tourn"]
[EventCountry "GER"]
[WhiteTeam "Sangerhausen SV"]
[BlackTeam "Loeberitz SG"]
[WhiteTeamCountry "GER"]
[BlackTeamCountry "GER"]

1. e4 Nf6 2. e5 Nd5 3. d4 d6 4. Nf3 dxe5 5. Nxe5 g6 6. Bc4 Be6 7. O-O Bg7 8. Re1 c6 9. Nd2 Nd7 10. Ndf3 Nxe5 11. Nxe5 O-O 12. Bb3 Nc7 13. c4 f6 14. Nf3 Bf7 15. Bf4 Qd7 16. Qd2 Rfe8 17. Rad1 a5 18. a4 b5 19. axb5 cxb5 20. d5 a4 21. Ba2 bxc4 22. Bxc4 Rad8 23. Bxc7 Qxc7 24. Qb4 Rb8 25. Qxa4 Rxb2 26. Rd4 Qd6 27. Qc6 f5 28. Qxd6 exd6 29. Rdd1 Rc8 30. Bf1 Bf6 31. Re2 Rxe2 32. Bxe2 Rc5 33. h4 Bxd5 34. Rxd5 1-0

[Event "Oberliga Ost A"]
[Site "?"]
[Date "2022.11.27"]
[Round "5.3"]
[White "Hillmann, Michael"]
[Black "Rogule, Laura"]
[Result "0-1"]
[WhiteElo "2089"]
[BlackElo "2270"]
[PlyCount "74"]
[EventDate "2022.09.18"]
[EventType "team-tourn"]
[EventCountry "GER"]
[WhiteTeam "Loeberitz SG"]
[BlackTeam "Sangerhausen SV"]
[WhiteTeamCountry "GER"]
[BlackTeamCountry "GER"]

1. d4 Nf6 2. Nf3 d5 3. c4 e6 4. g3 Bb4+ 5. Bd2 Be7 6. Bg2 O-O 7. O-O c6 8. Qc2 Nbd7 9. Bf4 b6 10. Rd1 Ba6 11. Nbd2 Nh5 12. e4 Nxf4 13. gxf4 dxe4 14. Qxe4 Rc8 15. Ne5 Bb7 16. Rac1 Rc7 17. Qe3 Nxe5 18. fxe5 c5 19. Bxb7 Rxb7 20. Nb3 Rd7 21. Rd3 cxd4 22. Rxd4 Rxd4 23. Qxd4 Qa8 24. Qg4 Qb8 25. f4 Qc7 26. Kh1 Rd8 27. Qg2 Qd7 28. h3 Qd3 29. Rc2 Qe3 30. Rf2 Rd3 31. Kh2 Bh4 32. Rd2 Qxf4+ 33. Kh1 Rxd2 34. Nxd2 g6 35. Nf3 Qxc4 36. Nxh4 Qxh4 37. Qa8+ Kg7 0-1

[Event "Oberliga Ost A"]
[Site "?"]
[Date "2022.11.27"]
[Round "5.4"]
[White "Schuetze, Norman"]
[Black "Richter, Dustin"]
[Result "0-1"]
[WhiteElo "2287"]
[BlackElo "2165"]
[PlyCount "128"]
[EventDate "2022.09.18"]
[EventType "team-tourn"]
[EventCountry "GER"]
[WhiteTeam "Sangerhausen SV"]
[BlackTeam "Loeberitz SG"]
[WhiteTeamCountry "GER"]
[BlackTeamCountry "GER"]

1. e4 e5 2. Nf3 d6 3. d4 exd4 4. Nxd4 Nf6 5. Nc3 Be7 6. Be2 O-O 7. Bf4 Re8 8. Qd2 Nc6 9. Nxc6 bxc6 10. O-O-O Be6 11. Be3 Qb8 12. f4 Qb4 13. a3 Qb7 14. Bd3 Rab8 15. b3 Bxb3 16. cxb3 Qxb3 17. Rde1 d5 18. Bc2 Qxa3+ 19. Kd1 dxe4 20. Bd4 Rbd8 21. Nxe4 c5 22. Nxf6+ gxf6 23. Re3 Qb4 24. Qxb4 cxb4 25. Rd3 c5 26. Re1 c4 27. Ba4 cxd3 28. Bxe8 Kf8 29. Bxa7 Rxe8 30. Kd2 Ra8 31. Ra1 Ke8 32. Bd4 Rd8 33. Ke3 f5 34. Rd1 b3 35. Rxd3 Rb8 36. Bb2 Rb6 37. Kd2 Bb4+ 38. Kc1 Bc5 39. Kb1 Bg1 40. Be5 Ke7 41. Bc7 Rc6 42. Bd8+ Ke6 43. Rxb3 Bxh2 44. Re3+ Kd7 45. Bg5 h6 46. Rd3+ Kc7 47. Bh4 Bxf4 48. Rd5 Bg5 49. Bf2 f4 50. Bd4 f6 51. Kb2 Rd6 52. Rxd6 Kxd6 53. Kc3 Ke6 54. Kd3 Kf5 55. Ke2 Kg4 56. Kf2 f5 57. Be5 Be7 58. Bc7 Bc5+ 59. Kf1 f3 60. g3 h5 61. Be5 Be3 62. Bd6 f4 63. gxf4 Kf5 64. Bc7 Ke4 0-1

[Event "Oberliga Ost A"]
[Site "?"]
[Date "2022.11.27"]
[Round "5.5"]
[White "Guenther, Christian"]
[Black "Pallas, Sebastian"]
[Result "1/2-1/2"]
[WhiteElo "2120"]
[BlackElo "2229"]
[PlyCount "67"]
[EventDate "2022.09.18"]
[EventType "team-tourn"]
[EventCountry "GER"]
[WhiteTeam "Loeberitz SG"]
[BlackTeam "Sangerhausen SV"]
[WhiteTeamCountry "GER"]
[BlackTeamCountry "GER"]

1. d4 Nf6 2. c4 g6 3. Nf3 Bg7 4. g3 O-O 5. Bg2 d5 6. cxd5 Nxd5 7. O-O Nb6 8. Nc3 Nc6 9. d5 Na5 10. e4 c6 11. dxc6 Nxc6 12. Bf4 Qxd1 13. Raxd1 Nc4 14. Bc1 Bg4 15. h3 Bxf3 16. Bxf3 Nd4 17. Bg2 e6 18. f4 Rfd8 19. b3 Na5 20. e5 Rac8 21. Be3 Nac6 22. Ne4 Bf8 23. Kh2 Nc2 24. Bg1 N2b4 25. a4 b6 26. Rxd8 Rxd8 27. Rc1 Na5 28. Rc7 Nxb3 29. Rxa7 Nc5 30. Nxc5 Bxc5 31. Bxc5 bxc5 32. Rc7 Rd2 33. Rxc5 Ra2 34. a5 1/2-1/2

[Event "Oberliga Ost A"]
[Site "?"]
[Date "2022.11.27"]
[Round "5.6"]
[White "Mertens, Fridolin"]
[Black "Ellemann, Stefan"]
[Result "1-0"]
[WhiteElo "2124"]
[BlackElo "2022"]
[PlyCount "49"]
[EventDate "2022.09.18"]
[EventType "team-tourn"]
[EventCountry "GER"]
[WhiteTeam "Sangerhausen SV"]
[BlackTeam "Loeberitz SG"]
[WhiteTeamCountry "GER"]
[BlackTeamCountry "GER"]

1. e4 c6 2. d4 d5 3. e5 c5 4. dxc5 e6 5. a3 Bxc5 6. b4 Bb6 7. Nf3 Qc7 8. Bd3 Ne7 9. Bb2 Ng6 10. O-O Bd7 11. Re1 Nc6 12. c4 dxc4 13. Bxc4 Nxb4 14. Nbd2 Nc6 15. Ne4 O-O 16. Rc1 Rad8 17. Nfg5 h6 18. Qh5 Bxf2+ 19. Nxf2 hxg5 20. Re3 Qb6 21. Rb3 Qc5 22. Rh3 Rfe8 23. Bd3 Qb6 24. Bxg6 fxg6 25. Qh7+ 1-0

[Event "Oberliga Ost A"]
[Site "?"]
[Date "2022.11.27"]
[Round "5.7"]
[White "Sieber, Martin"]
[Black "Schindler, Christian"]
[Result "0-1"]
[WhiteElo "1954"]
[BlackElo "2174"]
[PlyCount "114"]
[EventDate "2022.09.18"]
[EventType "team-tourn"]
[EventCountry "GER"]
[WhiteTeam "Loeberitz SG"]
[BlackTeam "Sangerhausen SV"]
[WhiteTeamCountry "GER"]
[BlackTeamCountry "GER"]

1. Nf3 Nf6 2. g3 b6 3. Bg2 Bb7 4. d4 e6 5. c4 c5 6. e3 Be7 7. O-O O-O 8. Nc3 d6 9. Qc2 cxd4 10. exd4 Nbd7 11. b3 a6 12. Bb2 Qc7 13. Rac1 Rac8 14. Qe2 Rfe8 15. Rfe1 Qb8 16. Ng5 Bxg2 17. Kxg2 Qb7+ 18. f3 Bf8 19. Nge4 d5 20. Nxf6+ Nxf6 21. cxd5 exd5 22. Qd3 Bb4 23. Re5 Bxc3 24. Bxc3 Nd7 25. Rxe8+ Rxe8 26. Bd2 Nf8 27. Kf2 Rc8 28. Rxc8 Qxc8 29. Qc3 Qxc3 30. Bxc3 Ne6 31. Ke3 Kf8 32. Bd2 Ke7 33. Kd3 Nd8 34. Bf4 Kd7 35. Bd2 Nc6 36. a3 b5 37. Bb4 Ke6 38. Ke3 Kf5 39. h4 h5 40. Bd2 g6 41. Kd3 f6 42. Bf4 g5 43. Bc7 Ke6 44. Kc3 Kd7 45. Bb6 gxh4 46. gxh4 Ne7 47. Kb4 Nf5 48. Kc5 Nxh4 49. Kxd5 Nxf3 50. Ba5 f5 51. a4 h4 52. Bb4 h3 53. Bd6 h2 54. Bxh2 Nxh2 55. axb5 axb5 56. Ke5 Nf3+ 57. Kxf5 Nxd4+ 0-1

[Event "Oberliga Ost A"]
[Site "?"]
[Date "2022.11.27"]
[Round "5.1"]
[White "Malek, Daniel"]
[Black "Mazur, Stefan"]
[Result "1-0"]
[WhiteElo "2334"]
[BlackElo "2423"]
[PlyCount "135"]
[EventDate "2022.09.18"]
[EventType "team-tourn"]
[EventCountry "GER"]
[WhiteTeam "Loeberitz SG"]
[BlackTeam "Sangerhausen SV"]
[WhiteTeamCountry "GER"]
[BlackTeamCountry "GER"]

1. e4 e5 2. Nf3 Nc6 3. Bc4 Nf6 4. Ng5 d5 5. exd5 Na5 6. Bb5+ c6 7. dxc6 bxc6 8. Bd3 Nd5 9. Nf3 Bd6 10. O-O Nf4 11. Nc3 Nxd3 12. cxd3 O-O 13. Ne4 c5 14. b3 Nc6 15. Ba3 Nb4 16. Bxb4 cxb4 17. Nxd6 Qxd6 18. Re1 f6 19. d4 Bg4 20. Re4 Bh5 21. Qe2 Rac8 22. Qe3 Bxf3 23. Qxf3 Rc2 24. Qe3 Rfc8 25. f3 Rc1+ 26. Rxc1 Rxc1+ 27. Kf2 Rc2 28. dxe5 fxe5 29. Ke2 Rxa2 30. Qd3 Qxd3+ 31. Kxd3 a5 32. Rxe5 Kf7 33. f4 Kf6 34. g4 Rb2 35. Rxa5 Rxb3+ 36. Kc4 Rf3 37. Rf5+ Ke6 38. d4 b3 39. Re5+ Kd6 40. f5 b2 41. Rb5 Rf2 42. h3 Rh2 43. Rb6+ Kc7 44. Rb3 Kd6 45. g5 Rf2 46. h4 Kc6 47. Rb8 Kc7 48. Rb4 Kc6 49. Kc3 Rxf5 50. Rxb2 Rf4 51. Rb4 Kd5 52. Rb5+ Kc6 53. Rc5+ Kd6 54. h5 Rh4 55. g6 hxg6 56. hxg6 Rg4 57. Ra5 Rg1 58. Ra7 Kd5 59. Rd7+ Ke4 60. Rxg7 Rc1+ 61. Kd2 Rc8 62. Rd7 Kf5 63. g7 Ke4 64. Rf7 Rg8 65. Kc3 Rc8+ 66. Kb4 Rg8 67. Kc5 Rc8+ 68. Kd6 1-0

[Event "Oberliga Ost A"]
[Site "?"]
[Date "2022.11.27"]
[Round "5.2"]
[White "Fuchs, Florian"]
[Black "Spitzl, Vinzent"]
[Result "1/2-1/2"]
[WhiteElo "2338"]
[BlackElo "2354"]
[PlyCount "101"]
[EventDate "2022.09.18"]
[EventType "team-tourn"]
[EventCountry "GER"]
[WhiteTeam "Magdeburg SG Aufbau Elbe"]
[BlackTeam "Reichenbrand SV Eiche"]
[WhiteTeamCountry "GER"]
[BlackTeamCountry "GER"]

1. e4 c5 2. Nf3 d6 3. d4 cxd4 4. Qxd4 Nc6 5. Qe3 Bg4 6. Bd2 Nf6 7. Nc3 g6 8. Nd5 Bg7 9. Bc3 Bxf3 10. Qxf3 O-O 11. Nxf6+ Bxf6 12. Bxf6 exf6 13. O-O-O Rc8 14. Kb1 Re8 15. h4 h5 16. Qf4 Qa5 17. Bc4 Qe5 18. Qh6 Qxe4 19. Bb3 Ne5 20. f3 Qf5 21. Rd4 d5 22. Rxd5 Rcd8 23. Qd2 Qc8 24. Rd1 Rxd5 25. Qxd5 Qc6 26. Qd4 a6 27. Bd5 Qc7 28. Qf4 Kg7 29. Bb3 Rd8 30. Re1 Qd6 31. a3 Qd2 32. Qxd2 Rxd2 33. Rg1 g5 34. Kc1 Rd4 35. hxg5 fxg5 36. Rd1 Rh4 37. g3 Rh3 38. f4 gxf4 39. gxf4 Nf3 40. c3 Rg3 41. Bd5 b6 42. Rf1 Nh4 43. Kd2 Kf6 44. Bb7 a5 45. Rh1 Rg4 46. Ke3 Nf5+ 47. Kf3 Rg3+ 48. Kf2 Rg4 49. Kf3 Rg3+ 50. Kf2 Rg4 51. Kf3 1/2-1/2